Normal view
MARC view
- Project Supervisor Assist. Prof. Sobia Hayee
Entry Corporate Name
001 - CONTROL NUMBER
- control field: 86244
003 - CONTROL NUMBER IDENTIFIER
- control field: NUST
005 - DATE AND TIME OF LATEST TRANSACTION
- control field: 20211209122647.0
008 - FIXED-LENGTH DATA ELEMENTS
- fixed length control field: 211209|| aca||aabn | a|a d
040 ## - CATALOGING SOURCE
- Original cataloging agency: NUST
- Transcribing agency: NUST
110 ## - HEADING--CORPORATE NAME
- Corporate name or jurisdiction name as entry element: Project Supervisor Assist. Prof. Sobia Hayee
670 ## - SOURCE DATA FOUND
- Source citation: Work cat.: (NUST): Hashim Omer Syed Abdullah Hassan Ali Maimoon Zafar 86243, PR-SOF-2080-Seizure Detection Using EEG, 2021.
